| 000 | 00724nam a2200253Ia 4500 | ||
|---|---|---|---|
| 001 | 791 | ||
| 003 | GE_BSU | ||
| 008 | 181216s||||||||xx |||||||||||||| ||und|| | ||
| 020 | _a5209018040 | ||
| 040 | _cGE_BSU | ||
| 080 | _a347.79 | ||
| 100 | _aАбашидзе, А.Х. | ||
| 245 | _aМеждународное морское право | ||
| 245 | _bТеория и практика.Уч. пособие для студ.юрид. фак-в | ||
| 260 | _aМосква | ||
| 260 | _bИзд-во РУДН | ||
| 260 | _c2005 | ||
| 300 | _a288стр. | ||
| 541 | _h8л. | ||
| 653 | _aМеждународное морское право | ||
| 653 | _aморское право | ||
| 653 | _aправо | ||
| 942 | _cBK | ||
| 999 |
_c34960 _d34960 |
||